|
|
|
|
| LEADER |
02203nam a2200577 a 4500 |
| 001 |
nkc20061662128 |
| 003 |
CZ PrNK |
| 005 |
20070402085443.0 |
| 007 |
ta |
| 008 |
060630s2005 xr f 001 0 cze |
| 015 |
|
|
|a cnb001662128
|
| 020 |
|
|
|a 80-86064-96-4
|q (brož.)
|
| 035 |
|
|
|a (OCoLC)85719037
|
| 040 |
|
|
|a OLA001
|b cze
|d ABA001
|
| 041 |
1 |
|
|a cze
|a eng
|a slo
|h cze
|h slo
|
| 043 |
|
|
|a e-xr---
|
| 072 |
|
7 |
|a 59
|x Zoologie
|2 Konspekt
|9 2
|
| 080 |
|
|
|a 592/595
|2 MRF
|
| 080 |
|
|
|a 591.9
|2 MRF
|
| 080 |
|
|
|a 504:592/599
|2 MRF
|
| 080 |
|
|
|a 502.17
|2 MRF
|
| 080 |
|
|
|a (437.3)
|2 MRF
|
| 080 |
|
|
|a (083.8)
|2 MRF
|
| 245 |
0 |
0 |
|a Červený seznam ohrožených druhů České republiky.
|p Bezobratlí = Red list of threatened species in Czech Republic. Invertebrates /
|c [editoři] Jan Farkač, David Král, Martin Škorpík
|
| 246 |
3 |
0 |
|a Bezobratlí
|
| 246 |
3 |
0 |
|a Invertebrates
|
| 246 |
3 |
1 |
|a Red list threatened species in Czech Republic
|
| 250 |
|
|
|a Vyd. 1.
|
| 260 |
|
|
|a Praha :
|b Agentura ochrany přírody a krajiny ČR,
|c 2005
|
| 300 |
|
|
|a 758 s. ;
|c 23 cm
|
| 504 |
|
|
|a Obsahuje bibliografii, bibliografické odkazy a rejstřík
|
| 546 |
|
|
|a Část. slovenský text, souběžný anglický text, latinské názvosloví
|
| 650 |
0 |
7 |
|a bezobratlí
|7 ph114139
|2 czenas
|
| 650 |
0 |
7 |
|a fauna
|7 ph114529
|z Česko
|2 czenas
|
| 650 |
0 |
7 |
|a ohrožené druhy živočichů
|7 ph115572
|z Česko
|2 czenas
|
| 650 |
0 |
7 |
|a ochrana přírody
|7 ph115552
|z Česko
|2 czenas
|
| 650 |
0 |
9 |
|a invertebrates
|2 eczenas
|
| 650 |
0 |
9 |
|a animals
|z Czechia
|2 eczenas
|
| 650 |
0 |
9 |
|a endangered animals
|z Czechia
|2 eczenas
|
| 650 |
0 |
9 |
|a nature conservation
|z Czechia
|2 eczenas
|
| 655 |
|
7 |
|a seznamy
|7 fd133378
|2 czenas
|
| 655 |
|
9 |
|a lists
|2 eczenas
|
| 700 |
1 |
|
|a Farkač, Jan,
|d 1959-
|7 mzk2006368308
|4 edt
|
| 700 |
1 |
|
|a Král, David,
|d 1959-
|7 jn20001227086
|4 edt
|
| 700 |
1 |
|
|a Škorpík, Martin,
|d 1957-
|7 ola2018989228
|4 edt
|
| 910 |
2 |
|
|a BOA001
|b 2-1179.093
|
| 990 |
|
|
|a BK
|
| 995 |
|
|
|a 01
|
| 991 |
|
|
|b 200701
|c NOV
|
| 996 |
6 |
|
|b 2610297624
|c 2-1179.093
|l MZK
|r Sklad / do 1 hodiny
|n 2
|p p.v.
|w 000834193
|u 000010
|a 1
|e BOA001
|j MZK50
|s P
|
| 996 |
7 |
|
|b 2610305531
|c 2-1179.093
|l MZK
|r Sklad / do 1 hodiny
|n 9
|p kup
|w 000834193
|u 000020
|a 1
|e BOA001
|j MZK50
|s A
|